Proč banky (ne)migrují své klíčové systémy do cloudu
Bankovníctvo a nové digitálne technológie. Zmeny vnímana cloudu. Prechod do cloudu v bankovníctve.
Uložené v:
| Hlavný autor: | |
|---|---|
| Médium: | Kapitola |
| Jazyk: | Czech |
| Predmet: | |
| Tagy: |
Žiadne tagy, Buďte prvý, kto otaguje tento záznam!
|
MARC
| LEADER | 00000naa a2200000 4500 | ||
|---|---|---|---|
| 001 | 0249643 | ||
| 005 | 20190102073904.0 | ||
| 041 | 0 | |a cze | |
| 044 | |a CZ | ||
| 245 | 1 | 0 | |a Proč banky (ne)migrují své klíčové systémy do cloudu |c Jan Koudela |
| 520 | |a Bankovníctvo a nové digitálne technológie. Zmeny vnímana cloudu. Prechod do cloudu v bankovníctve. | ||
| 610 | 2 | 0 | |a technológie nové |
| 610 | 2 | 0 | |a cloud computing |
| 610 | 2 | 0 | |a bankovníctvo |
| 610 | 2 | 0 | |a bezpečnosť elektronická |
| 610 | 2 | 0 | |a bezpečnosť informačná |
| 610 | 2 | 0 | |a systémy bezpečnostné |
| 100 | 1 | |a Koudela, Jan | |